Riconosci la Stato degli Stati Uniti - Quiz n°37 - Statistics

Statistiche generali
  • Questo quiz è stato fatto 24 volte
  • Il punteggio medio è 9 su 10
Statistiche sulle risposte
Indizio Risposta % Corretto
Numero stati confinanti 4
100%
Superficie 94 321 km²
100%
Iniziale della Capitale I
100%
Fuso orario UTC-5, -6
94%
Popolazione 6 732 219 ab.
88%
Altitudine 97 - 383 m s.l.m.
88%
Numero contee 92
81%
Rappresentanza parlamentare 9 Rappresentanti: 2 D, 7 R 2 Senatori: Todd Young (R), Mike Braun (R)
81%
Data di istituzione 11 dicembre 1816
75%
Stato federale Indiana
69%
Nessun quiz corrispondente trovato
Distribuzione punteggi
Percentuale di utenti per punteggio
Percentile per numero di risposta
I tuoi punteggi nel tempo
Non hai fatto questo quiz